Sátiras / [por] Horacio (Quinto Horacio Flaco) ; intr., vers. rítmica y notas de Rubén Bonifaz Nuño.

Na minha lista:
Detalhes bibliográficos
Autor principal: Horacio (Quinto Horacio Flaco) (autor)
Formato: Livro
Colecção:Biblitheca scriptorum gracorum et romanorun mexicana
Assuntos:
Tags: Adicionar Tag
Sem tags, seja o primeiro a adicionar uma tag!

MARC

LEADER 00000nam^a2200000^u^4500
001 000538881
005 20250521000000.0
008 060220s1000^^^^^^^^^^^^r^^^^^000^0^spa^d
009 20260310131130.294
035 |a FMI 000005814 
037 |a Acervo Xavier Clavigero 
096 |a 9.1.3/38/C 
100 |a Horacio (Quinto Horacio Flaco)  |e (autor) 
245 1 0 |a Sátiras / [por] Horacio (Quinto Horacio Flaco) ; intr., vers. rítmica y notas de Rubén Bonifaz Nuño. 
264 |a México : UNAM, 1993 
300 |a xlvii, 95-(lI-cl) 
336 |a texto  |b txt  |2 rdacontenido 
337 |a sin mediación  |b n  |2 rdamedio 
338 |a volumen  |b nc  |2 rdasoporte 
440 0 |a Biblitheca scriptorum gracorum et romanorun mexicana 
649 |a XX 
650 |a CLASICOS GRECO-LATINOS 
910 |a Fondo Francisco Migoya Covarrubias S.J. 
920 |a Impresos - Libros 
930 |a Fondos Especiales 
905 |a 134 
901 |a SBC16322  |b IT2  |c ESP  |u 20250521 
902 |a https://opac.biblio.iteso.mx/vufind/Record/000538881